000
00309 a2200133 4500
000
nam a22 7a 4500
100
_a
Pal,Amit
110
_a
Pal,Amit
245
_a
yoga education
250
_a
latest edition
260
_b
khel sahitya kendra
_c
2025
264
_b
khel sahitya kendra
_c
2025
942
_c
BK
999
_c
396268
_d
396268